000
00296nam a2200121Ia 4500
008
190216s9999||||xx |||||||||||||| ||und||
100
_a
Kutty K N Kadambazhipuram
245
0
_a
Naadum Nadodikathakalum
260
_b
Dhronacharya Publications
300
_a
400
650
_a
Kathakal
942
_c
BK
999
_c
28769
_d
28769